00818nam a2200253 a 450000100100000000500170001000800410002702000150006804000250008308200250010810000380013324500440017125000120021526000330022730000260026049000240028665000280031065000310033883000330036991000070040204900090040995201290041899900170054700001488020200929163921.0100126s1994 sp 000 f spa d a8408000187 aDO-SdBNPbspacBNPHU a863.64bD353sa, 19941 aDelibes, Miguel,d1920-20109329714aLos santos inocentes /cMiguel Delibes. a45a ed. aBarcelona :bPlaneta,c1994. a175, [3] p. ;c19 cm.1 aPlaneta bolsillov1 4aNovela española91123 4aLiteratura española9632 0aPlaneta bolsillo ;v1921739 aWM aBNGR 001054708MOaGRbGRcHDd2010-01-26iLF1l0o863.64 D353sa, 1994p14880-10r2020-06-25w2020-06-25y4ZPréstamo en sala c14460d14460